|
|
|
|
| LEADER |
00000nam a2200000 i 4500 |
| 001 |
DIGUAZUAY0158 |
| 003 |
NyNyDIG |
| 007 |
cr ||||||||||| |
| 008 |
251215s2022 ec a ob 000 0 spa d |
| 006 |
m o d |
| 035 |
|
|
|a (OCoLC)1438847861
|
| 040 |
|
|
|a DGITA
|b eng
|e rda
|e pn
|c DGITA
|
| 020 |
|
|
|a 9789942618054
|q eBook
|
| 020 |
|
|
|z 9789942618047
|
| 043 |
|
|
|a s-ec---
|
| 050 |
1 |
4 |
|a F3721.3.T47 ebook
|
| 245 |
0 |
0 |
|a Textiles del Ecuador :
|b memoria y presente del tejido /
|c Cristóbal Zapata, edición.
|
| 264 |
|
1 |
|a Cuenca, Ecuador :
|b Universidad del Azuay, Casa Editora,
|c [2022]
|
| 300 |
|
|
|a 1 online resource :
|b color illustrations.
|
| 336 |
|
|
|a text
|b txt
|2 rdacontent
|
| 337 |
|
|
|a computer
|b c
|2 rdamedia
|
| 338 |
|
|
|a online resource
|b cr
|2 rdacarrier
|
| 347 |
|
|
|a text file
|2 rdaft
|
| 347 |
|
|
|b PDF
|
| 504 |
|
|
|a Includes bibliographical references.
|
| 588 |
0 |
|
|a Online resource; title from PDF title page (Digitalia, viewed December 15, 2025)
|
| 650 |
|
0 |
|a Indian textile fabrics
|z Ecuador.
|
| 650 |
|
0 |
|a Dyes and dyeing
|x Textile fibers.
|
| 650 |
|
0 |
|a Hand weaving
|z Ecuador
|v Patterns.
|
| 651 |
|
0 |
|a Ecuador
|x Social life and customs.
|
| 700 |
1 |
|
|a Zapata, Cristóbal,
|e editor.
|
| 791 |
2 |
|
|a Digitalia (Firm),
|e distributor.
|
| 793 |
0 |
|
|g Digitalia eBook Collection:
|a Universidad del Azuay
|
| 776 |
0 |
8 |
|i Print version:
|t Textiles del Ecuador.
|d Cuenca, Ecuador : Universidad del Azuay, Casa Editora, [2022]
|z 9789942618047
|
| 856 |
4 |
0 |
|3 Digitalia Hispánica
|u https://www.digitaliapublishing.com/a/133543/
|
| 910 |
|
|
|a Premium collection: 2025
|